| 000 | 00882nam2a2200217 4500 | ||
|---|---|---|---|
| 001 | RU\NLR\BIBL_A\011495510 | ||
| 005 | 20250626080447.0 | ||
| 035 | _a(NLR Aleph) 011495510 | ||
| 090 |
_a11969408 _c11969408 |
||
| 100 | _a20171013d2000 |||y0rusy50 ca | ||
| 101 | 0 | _arus | |
| 102 | _aRU | ||
| 200 | 1 |
_aМужество стать _fП. Куртц |
|
| 210 |
_d2000 _aБ. м. |
||
| 461 | 0 |
_1001RU\NLR\INFOCOMM4\1000525178 _12001#$aЗдравый смысл$eЖурн. скептиков, оптимистов и гуманистов$v2000, спец. вып.[ 1] _92066422 _cМ. _d1996- _nРус. гуманист о-во _oЖурн. скептиков, оптимистов и гуманистов _tЗдравый смысл _x1814-0416 _v2000, спец. вып.[ 1] |
|
| 700 | 1 |
_aКуртц _bП. |
|
| 852 |
_aNLR _jП25/246 |
||
| 942 | _cISSUE | ||
| 980 | _aNB | ||
| 980 | _aRUSPER | ||